[Event "MCR senioru 2020 nad 60 let"]
[Site "Rychnov n. K."]
[Date "2020.08.14"]
[Round "7"]
[White "Semerak, Pavel"]
[Black "Bartos, Alois"]
[Result "1/2-1/2"]
[WhiteElo "1939"]
[BlackElo "1958"]
[EventDate "2020.08.08"]

1. Nf3  c5  2. c4  Nf6
3. g3  Nc6  4. d4
cxd4  5. Nxd4  g6
6. Nc2  Bg7  7. Bg2
d6  8. O-O  O-O
9. Nc3  Bd7  10. b3  Rb8
11. Bb2  a6  12. Nd5
Ne8  13. Bxg7  Kxg7
14. Qd2  b5  15. cxb5
axb5  16. Nd4  Nxd4
17. Qxd4+  Kg8  18. Rfc1
e6  19. Nb4  Qb6
20. Qxb6  Rxb6  21. Rd1
Nf6  22. Rac1  Rc8
23. Rxc8+  Bxc8  24. Rc1
Bb7  25. Rc7  Bxg2
26. Kxg2  Kg7  27. Kf3
d5  28. h3  Ne8
29. Rc1  Kf6  30. Ke3  Ke5
31. Rc8  Nd6  32. Rc6
d4+  33. Kd3  Rb7
34. Rc5+  Kf6  35. f4
h6  36. g4  g5
37. fxg5+  hxg5  38. Kxd4  Rd7
39. Ke3  Rd8  40. Kf3
Rh8  41. Kg2  Ne4
42. Rc2  Nd6  43. Nd3
Rd8  44. Kf3  Rh8
45. Nf2  Ra8  46. Ne4+
Nxe4  47. Kxe4  b4
48. Rd2  Rc8  49. e3
Rc3  50. Rd4  Rc2
51. Rxb4  Rxa2  52. Ra4
Rb2  53. b4  Ke7
54. Kd4  f5  55. gxf5
exf5  56. Ke5  g4
57. Ra7+  Kd8  58. h4
Rxb4  59. Kxf5  g3
60. h5  Rh4  61. Rg7
Rxh5+  62. Ke6  Rh6+
63. Kf5  Rh5+  64. Kf6
Rh6+  65. Kg5  Re6
66. Kf4  g2  67. e4
Rf6+  68. Ke5  Rf7
69. Rxg2  Ke7  70. Ra2
Rf1  71. Ra7+  Kd8
72. Ke6  Rb1  73. Ra8+
Kc7  74. e5  Rh1 75. Rf8 Rh6+
76. Ke7  Rh2  77. e6
Rh7+  78. Ke8  Kd6
1-0

[Event "MCR senioru 2020 nad 60 let"]
[Site "Rychnov n. K."]
[Date "2020.08.14"]
[Round "7"]
[White "Papay, Jindrich"]
[Black "Dolezal, Karel"]
[Result "1-0"]
[WhiteElo "1935"]
[BlackElo "1918"]
[EventDate "2020.08.08"]

1. f4  g6  2. Nf3  d6
3. g3  c6  4. Bg2
Nf6  5. O-O  Bg7
6. d3  O-O  7. c3
a5  8. h3  Qc7
9. e4  e5  10. f5  gxf5
11. Nh4  d5  12. Nxf5
Bxf5  13. Rxf5  Kh8
14. Qf1  Qe7  15. Bg5
Nbd7  16. Nd2  h6
17. Bh4  Qe6  18. g4
Nh7  19. exd5  cxd5
20. Re1  f6  21. Bf2
Rae8  22. Nb3  a4
23. Nd4  Qb6  24. Nf3
Qxb2  25. Nh4  Ng5
26. Ng6+  Kh7  27. Nxf8+
Nxf8  28. Bxd5  Qxc3
29. h4  Nge6  30. Bxb7
Nd4  31. Bxd4  Qxd4+
32. Rf2  Qxg4+  33. Rg2
Qd7  34. Be4+  Kh8
35. Rb1  Re7  36. Kh2
Qd8  37. Rgb2  Qe8
38. Qf5  Qd7  39. Rb7
Qe8  40. Rb8  Qf7
41. Qh7# 1-0

[Event "MCR senioru 2020 nad 60 let"]
[Site "Rychnov n. K."]
[Date "2020.08.14"]
[Round "7"]
[White "Mojzis, Jan"]
[Black "Kubala, Karel"]
[Result "1-0"]
[WhiteElo "2125"]
[BlackElo "1896"]
[EventDate "2020.08.08"]

1. e4  e6  2. d4  d5
3. Nd2  c5  4. exd5
exd5  5. Ngf3  Nf6
6. Bb5+  Bd7  7. Qe2+
Be7  8. O-O  O-O
9. Bxd7  Nbxd7  10. dxc5
Nxc5  11. Nb3  Re8
12. Bg5  h6  13. Bh4
Qb6  14. Qd1  Rad8
15. c3  Nfe4  16. Bxe7
Rxe7  17. Nxc5  Qxc5
18. Qd4  Rd6  19. Rfe1
Rc7  20. Qxc5  Nxc5
21. Rad1  Ne6  22. g3
Kf8  23. Kf1  g6
24. Re2  f6  25. a3
Kf7  26. h4  h5
27. Nd4  Nxd4  28. Rxd4  b5
29. Ke1  Re7  30. Rxe7+
Kxe7  31. a4  Rb6
32. Rxd5  bxa4  33. Ra5
Rxb2  34. Rxa7+  Ke6
35. Rxa4  Rc2  36. Rc4
g5  37. hxg5  fxg5
38. Rc5  Kf6  39. Kf1
h4  40. Kg2  Kg6
41. Rc8  Kh5  42. Rc4
h3+  43. Kxh3  Rxf2
44. g4+  Kg6  45. Kg3
Rf1  46. Re4  Rd1
47. Kf2  Kf6  48. Ke2
Rd8  49. Rd4  Rc8
50. Kd3  Ke5  51. Re4+
Kf6  52. c4  Rd8+
53. Kc3  Rc8  54. Kb4
Rb8+  55. Kc5  Rc8+
56. Kd6  Kf7  57. c5
Rd8+  58. Kc7  Rd1
59. c6  Rc1  60. Kd7
Rd1+  61. Kc8  Rc1
62. c7  Rc2  63. Rd4
Ke6  64. Kd8  1-0

[Event "MCR senioru 2020 nad 60 let"]
[Site "Rychnov n. K."]
[Date "2020.08.14"]
[Round "7"]
[White "Becvar, Miroslav"]
[Black "Mlynek, Petr"]
[Result "1/2-1/2"]
[WhiteElo "1847"]
[BlackElo "2100"]
[EventDate "2020.08.08"]

1. e4  c6  2. d4  d5
3. exd5  cxd5  4. Bd3
Nc6  5. c3  Nf6
6. Nd2  Bg4  7. Ne2  e6
8. O-O  Bd6  9. Re1
Qc7  10. Nf1  O-O
11. Bg5  h6  12. Bh4
Ne7  13. Rc1  Rac8
14. h3  Bf5  15. Bg3
Bxd3  16. Qxd3  Nf5
17. Bxd6  Nxd6  18. Nd2
Nfe4  19. Nxe4  Nxe4
20. Qe3  b5  21. a3
a5  22. Nf4  Qb6
23. Nd3  Rc7  24. Rb1
Rfc8  25. f4  Nd6
26. g4  Nc4  27. Qf2
Qd6  28. Kh1  Re7
29. Re2  Rce8  30. Rbe1
Qc7  31. h4  1/2-1/2

[Event "MCR senioru 2020 nad 60 let"]
[Site "Rychnov n. K."]
[Date "2020.08.14"]
[Round "7"]
[White "Pospisil, Evzen"]
[Black "Mihal, Sergej"]
[Result "1/2-1/2"]
[WhiteElo "2049"]
[BlackElo "1890"]
[EventDate "2020.08.08"]

1. d4  d5  2. Nf3  Nf6
3. c4  Bg4  4. Nbd2
e6  5. Ne5  Bf5
6. Qb3  Qc8  7. h3  h5
8. e3 Nbd7  9. Ndf3  Nxe5
10. Nxe5  Bd6  11. Be2
Be4  12. f3  Bf5
13. cxd5  exd5  14. e4
Be6  15. exd5  Nxd5
16. Kf2  c6  17. a4
Qc7  18. Rd1  Rb8
19. Bc4  O-O  20. Nd3
Bh2  21. f4  Nxf4
22. Nxf4  Bxf4  23. Bxe6
fxe6  24. Qxe6+  Kh8
25. Bxf4  Qxf4+  26. Kg1
Qf2+  27. Kh1  Rbe8
28. Qg6  Qh4  29. Rf1
Qxd4  30. Qxh5+  Kg8
31. b3  Qc3  32. Rab1
a6  33. Kh2  Qe5+
34. Qxe5  Rxe5  35. Rxf8+
Kxf8  36. Rf1+  Ke7
37. Rf3  b5  38. axb5
cxb5  39. Rd3  b4
40. Kg3  Rc5  41. Kf3
a5  42. Ke4  a4
43. bxa4  Ra5  44. Rb3  Rxa4
45. Kd5  Ra2  46. g3
Ra3  47. Rxb4  Rxg3
48. Rg4  Rxg4  49. hxg4
Kf6  1/2-1/2

[Event "MCR senioru 2020 nad 60 let"]
[Site "Rychnov n. K."]
[Date "2020.08.14"]
[Round "7"]
[White "Humlicek, Vojtech"]
[Black "Horak, Vladimir"]
[Result "1/2-1/2"]
[WhiteElo "1884"]
[BlackElo "1989"]
[EventDate "2020.08.08"]

1. e4  e6  2. d4  d5
3. Nd2  dxe4  4. Nxe4
Bd7  5. Nf3  Bc6
6. Bd3  Nd7  7. O-O
Ngf6  8. Ng3  Bxf3
9. Qxf3  c6  10. c3
Be7  11. Re1  O-O
12. Nh5 1/2-1/2

[Event "MCR senioru 2020 nad 70 let"]
[Site "Rychnov n. K."]
[Date "2020.08.14"]
[Round "7"]
[White "Jacek, Miloslav"]
[Black "Sejkora, Vlastimil"]
[Result "0-1"]
[WhiteElo "1938"]
[BlackElo "2185"]
[EventDate "2020.08.08"]

1. e4  c5  2. Nf3  d6
3. c3  Nf6  4. Be2
Nc6  5. d4  e6
6. Nbd2  cxd4  7. cxd4  d5
8. e5  Nd7  9. O-O
Be7  10. Re1  O-O
11. Nf1  f6  12. exf6
Nxf6  13. Bg5  Bd7
14. Rc1  Bb4  15. Bd2
Bd6  16. Bd3  Rc8
17. Bc3  Nh5  18. Ne5
Nf4  19. Nxd7  Qxd7
20. Bb1  Qf7  21. Qg4
Rce8  22. Qh4  g6
23. Re3  Qg7  24. g3
g5  25. Bxh7+  Qxh7
26. Qxh7+  Kxh7  27. gxf4
Bxf4  28. Rh3+  Kg6
29. Rd1  Rf7  30. Be1
g4  31. Rb3  Rh7
32. f3  Reh8  33. fxg4
Bxh2+  34. Nxh2  Rxh2
35. Rxb7  Kg5  36. Rc7
Kf4  37. Rf7+  Kxg4
38. Rg7+  Kf3  39. Rg3+
Ke4  40. Rg4+  Kf5
41. Rg7  Rh1+  42. Kf2
R8h2+  43. Rg2  Ke4
44. Kg3  Rh3+  45. Kg4
Re3  0-1

[Event "MCR senioru 2020 nad 70 let"]
[Site "Rychnov n. K."]
[Date "2020.08.14"]
[Round "7"]
[White "Zeman, Ladislav"]
[Black "Holecek, Vladimir"]
[Result "0-1"]
[WhiteElo "1771"]
[BlackElo "1904"]
[EventDate "2020.08.08"]

1. e4  e5  2. Bc4  Nf6
3. Nc3  Nc6  4. Nf3
Bc5  5. O-O  O-O
6. d3  h6  7. a3
a5  8. Nd5  d6
9. h3  Be6  10. c3  Bxd5
11. exd5  Ne7  12. Nh4
Qd7  13. d4  exd4
14. cxd4  Bb6  15. g4
Nh7  16. Qd3  f5
17. Bb5  c6  18. dxc6
bxc6  19. Qb3+  d5
20. Bd3  Bxd4  21. Nxf5
Bf6  22. f4  Rfb8
23. Qc2  Nf8  24. g5
hxg5  25. fxg5  Be5
26. Qf2  Nxf5  27. Bxf5
Qd6 28. Qf3 g6 29. Bd3  Rb7  30.
Rb1  Raa7  31. Be3  d4
32. Bd2  Kg7  33. Qe4
Re7  34. Qh4  Ne6
35. Qh6+  Kg8  36. Bc4
Rg7  37. b4  a4
38. Rbe1  Rae7  39. Kh1  Ref7
40. Rxf7  Kxf7  41. Rf1+
Ke8  42. Bxe6  Qxe6
43. Kg2  Rg8  44. Qh4
Rh8  45. Qg4  Qxg4+
46. hxg4  Rh2+  47. Kg1
Rxd2  48. Re1  Rd3
49. Rxe5+  Kd7  50. b5
Kd6  51. Re8  cxb5
52. Kf2  Rxa3  53. Rg8
b4  54. Rxg6+  Ke7
55. Ke2  b3  56. Kd3
b2+  57. Kc2  Rb3
58. Kb1  a3  59. Ra6
d3  60. Ra7+  Kf8
0-1

[Event "MCR senioru 2020 nad 70 let"]
[Site "Rychnov n. K."]
[Date "2020.08.14"]
[Round "7"]
[White "Vlacil, Vladimir"]
[Black "Volf, Jaroslav"]
[Result "1/2-1/2"]
[WhiteElo "1893"]
[BlackElo "1966"]
[EventDate "2020.08.08"]

1. e4  c5  2. Nc3  Nc6
3. g3  g6  4. Bg2
Bg7  5. d3  d6
6. Be3  e6  7. Qd2  Bd7
8. f4  Nd4  9. Nd1
Ne7  10. c3  Ndc6
11. Nf3  O-O  12. d4
cxd4  13. cxd4  d5
1/2-1/2

[Event "MCR senioru 2020 nad 70 let"]
[Site "Rychnov n. K."]
[Date "2020.08.14"]
[Round "7"]
[White "Trojan, Lubos"]
[Black "Vesely, Emanuel"]
[Result "1-0"]
[WhiteElo "1953"]
[BlackElo "1795"]
[EventDate "2020.08.08"]

1. d4  d6  2. g3  g6
3. Bg2  c6  4. c4
Bg7  5. Nc3  Nd7
6. e4  e5  7. Be3
Ne7  8. Nge2  O-O
9. Qd2  a6  10. d5
c5  11. O-O  Rb8
12. a4  Nf6  13. Rfb1
Bd7  14. b4  b6
15. b5  a5  16. f3  Ne8
17. Bh6  Qc8  18. Bxg7
Kxg7  19. Rf1  Bh3
20. Rf2  Bxg2  21. Kxg2
f6  22. f4  Qd7
23. Raf1  Ng8  24. fxe5  dxe5
25. h3 Nd6  26. Qd3  Rf7
27. Nd1  Rbf8  28. g4
h6  29. Ng3  Kh8
30. Ne3  Kh7  31. Qe2
g5  32. Nef5  Ne7
33. Nxd6  Qxd6  34. Rh1
Ng6  35. Kg1  Nf4
36. Qf3  Kg6  37. Rfh2
Rh8  38. h4  Rfh7
39. Nf5 Qf8  40. Qd1  Qf7
1-0

[Event "MCR senioru 2020 nad 70 let"]
[Site "Rychnov n. K."]
[Date "2020.08.14"]
[Round "7"]
[White "Kohout, Jan"]
[Black "Kulhavy, Frantisek"]
[Result "1/2-1/2"]
[WhiteElo "1928"]
[BlackElo "1759"]
[EventDate "2020.08.08"]

1. e4  c5  2. Nf3  Nc6
3. Bb5  Qb6  4. Bxc6
Qxc6  5. Nc3  Nf6
6. d3  e6  7. O-O
Be7  8. Ne5  Qc7
9. f4  a6  10. Be3
d5  11. Bd2  b5
12. Qf3  Bb7  13. Rae1  Rd8
14. exd5  b4  15. Ne4
Bxd5  16. Qf2  O-O
17. b3 1/2-1/2

[Event "MCR senioru 2020 nad 70 let"]
[Site "Rychnov n. K."]
[Date "2020.08.14"]
[Round "7"]
[White "Most, Zdenek"]
[Black "Cermak, Tomas"]
[Result "1-0"]
[WhiteElo "1978"]
[BlackElo "1690"]
[EventDate "2020.08.08"]

1. d4  d5  2. c4  c6
3. e3  Bf5  4. Nc3
e6  5. Nf3  Nd7
6. cxd5  exd5  7. g3  Ngf6
8. Bg2  Ne4  9. Nh4
Nxc3  10. bxc3 Be6 11. Qc2  Be7
12. Nf5  Bxf5  13. Qxf5
O-O  14. O-O  Nb6
15. Rb1  Rb8  16. e4
g6  17. Qf4  dxe4
18. Bxe4  Nd5  19. Bxd5
Qxd5  20. Qc7  Bd6 21. Qd7 Rfd8
22. Qh3  Qxa2  23. Bg5  Re8
24. Qd7 Qe6 25. Rxb7  Rxb7  26.
Qxb7  f6  27. Bh6  Bf8
28. Bxf8  Rxf8  29. Qxa7
Rf7  30. Qc5  Re7
31. Ra1  Kf7  32. h4
h5 33. Qa5  Qc4  34. Kg2
Qd5+  35. Qxd5+  cxd5
36. Kf3  f5  37. Ra2
Rc7  38. Ra3  Re7
39. Rb3  Re6  40. Rb7+
Kf6  41. Rc7  g5
42. hxg5+  Kxg5  43. Rg7+ Kf6
44. Rc7  Kg5  45. Rc5  Rd6
46. Kg2  h4  47. gxh4+ Kxh4 48.
Kf3  Kg5  49. Ke3  Kg4
50. f4  Kg3  51. Ra5
Kg4  52. Rb5  Rd7
53. Rb8  Re7+  54. Kd3
Kxf4  55. Rd8  Kf3
56. Rxd5 Re3+ 57. Kc4  f4  58.
Rf5  Re8  59. d5  Ke4
60. Rf6  Rc8+  61. Rc6
Rf8  62. Re6+  Kf5
63. Re1  f3  64. Kd4
Kf4  65. d6  f2
66. Rf1  Kg3  67. Kd5  Kg2
68. Rc1  f1=Q 69. Rxf1  Rxf1
70. c4 Kf3  71. c5  Kf4
72. c6  Rd1+  73. Ke6 Re1+ 74.
Kd5  Rd1+  75. Ke6  Re1+
76. Kd5  Re5+  77. Kc4
Re4+  78. Kc5  Re5+
79. Kb6  Re1  80. d7
Rd1 81. Kc7 0-1

[Event "MCR senioru 2020 nad 70 let"]
[Site "Rychnov n. K."]
[Date "2020.08.14"]
[Round "7"]
[White "Haderka, Karel"]
[Black "Pavlicek, Petr"]
[Result "0-1"]
[WhiteElo "1819"]
[BlackElo "1860"]
[EventDate "2020.08.08"]

1. c4  e6  2. Nc3  d5
3. cxd5  exd5  4. d4
Nf6  5. g3  Be7
6. Bg2  O-O  7. Nf3  c6
8. O-O  Nbd7  9. b3
Re8  10. Bb2  Nf8
11. Ne5  Bf5  12. h3
h6  13. Rc1  Bd6
14. f4  Qe7  15. Kh2
Rac8  16. e3  N6d7
17. Re1  f6  18. Nxd7
Qxd7  19. Qd2  Bb4
20. a3  Bxc3  21. Qxc3
Be4  22. Bxe4  Rxe4
23. Rf1  Rce8  24. Rce1
f5  25. b4  Ng6
26. Bc1  Ne7  27. Rg1  Nc8
28. g4  Nd6  29. Qc2
Nc4  30. Qf2  g6
31. Qg3  Kh7  32. gxf5
Qxf5  33. Rg2  R8e6
34. h4  Qh5  35. Qh3
Nd6  36. b5  cxb5
37. Rc2  Nf5  38. Rc7+
Re7  39. Rxe7+  Rxe7
40. Bd2  Qxh4  41. Qxh4
Nxh4  42. Kg3  Nf5+
43. Kf3  Rc7  44. Rc1
Rxc1  45. Bxc1  Nd6
46. Kg4  Kg7  47. Bd2
h5+  48. Kg5  Ne4+
0-1

[Event "MCR senioru 2020 nad 70 let"]
[Site "Rychnov n. K."]
[Date "2020.08.14"]
[Round "7"]
[White "Vochozka, Jindrich"]
[Black "Innemann, Frantisek"]
[Result "1-0"]
[WhiteElo "1747"]
[BlackElo "1850"]
[EventDate "2020.08.08"]

1. d4  d5  2. c4  e6
3. Nc3  Nf6  4. Bg5
Be7  5. e3  O-O
6. Nf3  h6  7. Bh4  b6
8. Rc1  Bb7  9. cxd5
exd5  10. Be2  Nbd7
11. O-O  Rc8  12. a3
Re8  13. b4  Ne4
14. Bxe7  Qxe7  15. Qb3
c6  16. Rc2  Rc7
17. Qa4  Nxc3  18. Rxc3
Ba8  19. Rfc1  c5
20. bxc5  bxc5  21. dxc5
Rxc5  22. Rxc5  Nxc5
23. Rxc5  Rb8  24. Qc2
Qb7  25. h3  g6
26. Nd4  Kg7  27. Bd3  Qb2
28. a4  Qa1+  29. Qc1
Qxa4  30. Kh2  Qb4
31. Qc3  Qxc3  32. Rxc3
Rb2  33. Rc8  Bb7
34. Rb8  Rb6  35. g4
g5  36. Kg3  Kf6
37. h4  Ke7  38. Nf5+
Kd7  39. hxg5  hxg5
40. Nd4  Kc7  41. Rf8
Rf6  42. Rg8  Kb6
43. Rxg5  a5  44. Rf5
Rxf5  45. Nxf5  a4
46. Nd4  Kc5  47. Nc2
Bc8  48. f4  Bd7
49. g5  Kd6  50. Kf2
Bg4  51. Ke1  Bd7
52. Kd2  Kc5  53. Kc3
Bg4  54. Kb2  Be6
55. Ka3  Bd7  56. f5
Kd6  57. g6  fxg6
58. fxg6  Ke7  59. Nd4
Kf6  60. Ne2  Ke5
61. Nf4  Be8  62. Nh5
d4  63. g7  Bf7
64. e4  Bb3  65. Ng3  Kf6
66. Nf5  Ke5  67. Nh6
1-0

[Event "MCR senioru 2020 nad 70 let"]
[Site "Rychnov n. K."]
[Date "2020.08.14"]
[Round "7"]
[White "Rychtecky, Pavel"]
[Black "Pokora, Lubomir"]
[Result "1/2-1/2"]
[WhiteElo "1521"]
[BlackElo "1732"]
[EventDate "2020.08.08"]

1. e4  d6  2. d4  Nf6
3. Nc3  Nbd7  4. Be3
e5  5. Be2  Be7
6. h3  c6  7. a4  Qc7
8. Nf3  h6  9. Qd2
a5  10. O-O  g5
11. Nxg5  hxg5  12. Bxg5  Rg8
13. f4  exd4  14. Qxd4
Qb6  15. Rad1  Qxd4+
16. Rxd4  d5  17. exd5
Bc5  18. Rfd1  Bxd4+
19. Rxd4  Rxg5  20. fxg5
Nh7  21. dxc6  bxc6
22. Re4+  Kf8  23. h4
Nb6  24. Rf4  Kg7
25. Bd3  Be6  26. b3
Rd8  27. Bf5  Nf8
28. Bxe6  Nxe6  29. Rf2
Rd4  30. g3  Nd7
31. Re2  Ndc5  32. Kf2
Kg6  33. Kf3  Rd8
34. Kf2  Rd4  35. Ke1
Rg4  36. Re3  Rd4
1/2-1/2

[Event "MCR senioru 2020 nad 50 let"]
[Site "Rychnov n. K."]
[Date "2020.08.15"]
[Round "8"]
[White "Kucera, Jiri"]
[Black "Mazanek, Kamil"]
[Result "1/2-1/2"]
[WhiteElo "2019"]
[BlackElo "2052"]
[EventDate "2020.08.08"]

1. e4  c6  2. d4  d5
3. Nc3  dxe4  4. Nxe4
Bf5  5. Ng3  Bg6
6. Nf3  Nd7  7. h4
h6  8. h5  Bh7
9. Bd3  Bxd3  10. Qxd3  e6
11. Bd2  Ngf6  12. O-O-O
Qc7  13. Kb1  Bd6
14. Ne4  Nxe4  15. Qxe4
Nf6  16. Qe2  O-O-O
17. c4  1/2-1/2

[Event "MCR senioru 2020 nad 50 let"]
[Site "Rychnov n. K."]
[Date "2020.08.15"]
[Round "8"]
[White "Kozak, Karel"]
[Black "Bartos, Jan"]
[Result "0-1"]
[WhiteElo "1860"]
[BlackElo "2131"]
[EventDate "2020.08.08"]

1. e4  e6  2. d4  d5
3. e5  c5  4. c3
Nc6  5. Nf3  Bd7
6. Be2  Nge7  7. O-O
Ng6  8. a3  Be7
9. Be3  cxd4  10. cxd4  O-O
11. Nc3  f6  12. exf6
Bxf6  13. Bd3  Be8
14. Rc1  Rc8  15. Bb1
Nh8  16. b4  Bg6
17. Ba2  Bh5  18. Ne2
Bxf3  19. gxf3  Ng6
20. f4  Nh4  21. Kh1
Qb6  22. Rc5  Be7
23. Rg1  Bxc5  24. dxc5
Qa6  25. Nd4  Nxd4
26. Bxd4  Nf5  27. Bb1
Rc7  28. Be5  Rd7
29. Qg4  Rff7  30. Qh3
Qe2  31. Kg2  d4
32. Bd3  Nh4+  33. Kh1
Qf3+  0-1

[Event "MCR senioru 2020 nad 50 let"]
[Site "Rychnov n. K."]
[Date "2020.08.15"]
[Round "8"]
[White "Cermak, Miroslav"]
[Black "Richter, Martin"]
[Result "0-1"]
[WhiteElo "1837"]
[BlackElo "1952"]
[EventDate "2020.08.08"]

1. d4  Nf6  2. Bg5  c5
3. Nc3  Qb6  4. Bxf6
gxf6  5. Na4  Qa5+
6. c3  cxd4  7. Qxd4
Nc6  8. Qd1  d6
9. Qc2  b5  10. b4  Qxa4
11. Qd3  Bd7  12. f4
f5  13. e3  Bg7
14. Rc1  Rc8  15. Qxb5  Qxb5
16. Bxb5  Nxb4 0-1

[Event "MCR senioru 2020 nad 50 let"]
[Site "Rychnov n. K."]
[Date "2020.08.15"]
[Round "8"]
[White "Zidu, Jan"]
[Black "Kalousek, Vladimir"]
[Result "1-0"]
[WhiteElo "1828"]
[BlackElo "1963"]
[EventDate "2020.08.08"]

1. e4  c5  2. Nf3  d6
3. Bb5+  Bd7  4. Bxd7+
Nxd7  5. c4  Ngf6
6. Nc3  g6  7. d4
cxd4  8. Nxd4  Bg7
9. Be3  O-O  10. O-O
a6  11. Rc1  Ne5
12. b3  Nc6  13. f3
Nxd4  14. Bxd4  Rb8
15. Qe2  Nd7  16. Bxg7
Kxg7 17. Qe3 Qb6  18. Kf2  Qxe3+
19. Kxe3  b5  20. Nd5
e6  21. Nf4  bxc4
22. Rxc4  Ne5  23. Rc7
Rfc8  24. Rfc1  Rxc7
25. Rxc7  Rb6  26. Nxe6+
Kf6  27. Nf4  Kg7
28. Nd5  h5  29. Nxb6
1-0

[Event "MCR senioru 2020 nad 50 let"]
[Site "Rychnov n. K."]
[Date "2020.08.15"]
[Round "8"]
[White "Zatko, Michal"]
[Black "Bracha, Pavel"]
[Result "0-1"]
[WhiteElo "1794"]
[BlackElo "1843"]
[EventDate "2020.08.08"]

1. e4  e6  2. d4  d5
3. Nd2  Bd7  4. Bd3
c5  5. c3  cxd4
6. cxd4  dxe4  7. Nxe4  Bc6
8. Nf3  Nf6  9. Nxf6+
gxf6  10. O-O  Rg8
11. Bxh7  Rh8  12. Bd3
Bd6  13. h3  Nd7
14. Bd2  Nb6  15. Ba5
Bc7  16. Bb4  Nd5
17. Bc5  Nf4  18. Be2
Qd5  19. Rc1  Rg8
20. Ne1  Nxh3+  21. Kh1
Qxg2+  0-1

[Event "MCR senioru 2020 nad 50 let"]
[Site "Rychnov n. K."]
[Date "2020.08.15"]
[Round "8"]
[White "Dolezal, Rudolf"]
[Black "Vorackova, Jarmila"]
[Result "0-1"]
[WhiteElo "1616"]
[BlackElo "1816"]
[EventDate "2020.08.08"]

1. d4  d5  2. c4  Nf6
3. Nc3  c6  4. cxd5
cxd5  5. Nf3  Bf5
6. Nh4  Bg6  7. Nxg6
hxg6  8. Bf4  e6
9. Qa4+  Qd7  10. Nb5
Na6  11. a3 Be7  12. Rc1
O-O  13. e3  Rac8
14. Rxc8  Rxc8  15. Qd1
Ra8  16. Be2  Ne4
17. f3  g5  18. Be5
Nf6  19. O-O  Ne8
20. Qd2  Nac7  21. Nxc7
Nxc7  22. Rc1  Bd6
23. Bxd6  Qxd6  24. e4
dxe4  25. fxe4  Qb6
26. Kh1  Rd8  27. h3
Rxd4  28. Qc2  Rd7
29. b3  Nb5  30. Bxb5
Qxb5  31. Qc8+  Kh7
32. a4  Qd3  33. e5
Kg6  34. Rc3  Qf1+
35. Kh2  Qf4+  36. Rg3
Rd4 0-1

[Event "MCR senioru 2020 nad 50 let"]
[Site "Rychnov n. K."]
[Date "2020.08.15"]
[Round "8"]
[White "Vorel, Bohuslav"]
[Black "Kutak, Jaroslav"]
[Result "1-0"]
[WhiteElo "1564"]
[BlackElo "1217"]
[EventDate "2020.08.08"]

1. e4  d5  2. exd5  Qxd5
3. Nc3  Qa5  4. d3
c6  5. Nf3  Bf5
6. Bd2  e6  7. Be2  Nf6
8. O-O  Be7  9. Ne4
Qc7  10. Nxf6+  Bxf6
11. c3  Nd7  12. Bg5
O-O-O  13. a4  h6
14. Bxf6  gxf6  15. Nh4
Bh7  16. g3  Rhg8
17. Ng2  f5  18. Kh1
e5  19. f4  e4
20. d4  Bg6  21. b4  a5
22. Qb3  Nf6  23. bxa5
Qxa5  24. Rfb1  Qa7
25. Ne3  Kc7  26. a5
Rb8  27. Qb4  Rge8
28. Nc4  Nd5  29. Qd6+
1-0

[Event "MCR senioru 2020 nad 60 let"]
[Site "Rychnov n. K."]
[Date "2020.08.15"]
[Round "8"]
[White "Urban, Zdenek"]
[Black "Janda, Zdenek"]
[Result "1/2-1/2"]
[WhiteElo "2076"]
[BlackElo "2068"]
[EventDate "2020.08.08"]

1. d4  Nf6  2. c4  e6
3. Nf3  b6  4. g3
Bb7  5. Bg2  Be7
6. Nc3  d5  7. Ne5
O-O  8. O-O  Nbd7
9. cxd5  Nxe5  10. dxe5
Nxd5  11. Ne4  c5
12. a3  Qd7  13. Qc2
Rad8  14. Bg5  h6
15. Bxe7  Nxe7  16. Rfd1
Qc7  17. Nd6  1/2-1/2

[Event "MCR senioru 2020 nad 60 let"]
[Site "Rychnov n. K."]
[Date "2020.08.15"]
[Round "8"]
[White "Bartos, Alois"]
[Black "Malinovsky, Petr"]
[Result "0-1"]
[WhiteElo "1958"]
[BlackElo "2081"]
[EventDate "2020.08.08"]

1. e4 c5  2. Nf3  g6  3. d4
cxd4  4. Nxd4  Nc6
5. Nc3  Bg7  6. Be3
Nf6  7. Bc4  O-O
8. f3  Qb6  9. Ncb5
a6  10. Nf5  Qa5+
11. Bd2  Qd8  12. Nh6+
Bxh6  13. Bxh6  axb5
14. Bxf8  Kxf8  15. Be2
d5  16. exd5  Qxd5
17. Qxd5  Nxd5  18. Bxb5
Ne3  19. Kd2  Nxg2
20. Bxc6  bxc6  21. Kc3
Bf5  22. Rhd1  Ne3
23. Rd2  Ra5  24. b4
Ra3+  0-1

[Event "MCR senioru 2020 nad 60 let"]
[Site "Rychnov n. K."]
[Date "2020.08.15"]
[Round "8"]
[White "Semerak, Pavel"]
[Black "Vagner, Ladislav"]
[Result "1/2-1/2"]
[WhiteElo "1939"]
[BlackElo "1883"]
[EventDate "2020.08.08"]

1. Nf3  Nf6  2. c4  e6
3. g3  d5  4. d4
Be7  5. Bg2  O-O 6. O-O Nbd7
7. b3  Rb8  8. Qc2
b6  9. Bb2  Bb7
10. Nbd2  c5  11. e3  cxd4
12. exd4  Rc8  13. Ne5
Nxe5  1/2-1/2

[Event "MCR senioru 2020 nad 60 let"]
[Site "Rychnov n. K."]
[Date "2020.08.15"]
[Round "8"]
[White "Mojzis, Jan"]
[Black "Papay, Jindrich"]
[Result "1/2-1/2"]
[WhiteElo "2125"]
[BlackElo "1935"]
[EventDate "2020.08.08"]

1. e4  e6  2. d4  d5
3. exd5  exd5  4. c4
c6  5. Nf3  Nf6
6. Be2  Be7  7. O-O  O-O
8. Nc3  dxc4  9. Bxc4
Nd5  10. Qb3  Nb6
11. Bd3  N8d7  12. Be3
Nf6  13. Ne5  Nbd5
14. Bc4  Qd6  15. Bg5
b5  16. Nxd5  cxd5
17. Bxb5  a6  18. Bd3
h6  19. Bh4  Be6
20. Rac1  Rfb8  21. Qc2
Rb6  22. b3  Nh5
23. Bxe7  Qxe7  24. Qc7
Qxc7  25. Rxc7  Nf4
26. Rd1  g6  27. Bf1
a5  28. Nd3  Nxd3
29. Bxd3  a4  30. Bc2
axb3  31. Bxb3  Rb4
32. f3  Rab8  33. Rd2
Rxb3  34. axb3  Rxb3
35. Kf2  Kg7  36. Rcc2
Rb4  37. Rb2  Rc4
38. Ke3  Rc3+  39. Rd3
Rc4  40. g4  Kf6
41. Kf4  Rc1  42. Kg3
g5  43. Rg2  Rc8
44. h4  Rg8  45. hxg5+
hxg5  46. Rh2  Kg6
47. Rb3  Ra8  48. f4
gxf4+  49. Kxf4  Ra4
50. Rd3  Ra1  51. Rf2
Rg1  52. Rg3  Re1
53. Re3  Rg1  54. Rg3
Re1  1/2-1/2

[Event "MCR senioru 2020 nad 60 let"]
[Site "Rychnov n. K."]
[Date "2020.08.15"]
[Round "8"]
[White "Juricek, Stanislav"]
[Black "Novotny, Josef"]
[Result "1-0"]
[WhiteElo "2058"]
[BlackElo "1968"]
[EventDate "2020.08.08"]

1. Nf3 e6  2. g3  d6  3. Bg2
Nf6  4. O-O  g6
5. b3  Bg7  6. Bb2  O-O
7. c4  Nc6  8. d3
e5  9. Nc3  Be6
10. d4  Bd7  11. dxe5  dxe5
12. Nd5  Be6  13. Nxe5
Nxd5  14. Nxc6  bxc6
15. Bxg7  Kxg7  16. cxd5
cxd5  17. Rc1  f6
18. Qd4  Rf7  19. Rc5
Qd6  20. Rfc1  Qb6
21. e3  Re7  22. Qc3
Rc8  23. Rc6  Qb5
24. Bf1  Qb8  25. Bh3
Kf7  26. Bxe6+  Rxe6
27. Rxc7+  Rxc7  28. Qxc7+
Qxc7  29. Rxc7+ 1-0